000 00557nam a2200193Ia 4500
005 20250508150250.0
008 008 250505s9999 xx 000 0 eng d
037 _aTextual
040 _aFEDL
_beng
_cFEDL
041 _aeng
_2eng
084 _a150, FOX
_qFEDL
100 _aFox Charles
_984066
245 0 _aMind and its body: The foundations of psychology
260 _aLondon, UK
_bKegan Paul, Trench, Trubner and Co. Ltd
_c1931
300 _axii,316p.
650 _aPsychology
942 _cTEXL
_h150, FOX
999 _c1322723
_d1322723